| 000 | 00546nam a2200193Ia 4500 | ||
|---|---|---|---|
| 008 | 170918s9999 xx 000 0 und d | ||
| 020 | _a590876120 | ||
| 050 | _bP485 1999 | ||
| 100 | _aPeterson, John | ||
| 245 | 4 | _aThe littles and their amazing new friend / | |
| 245 | _cJohn Peterson ; pictures by Roberta Carter Clark ; cover illustrations by Jacqueline Rogers. | ||
| 260 | _aNew York : | ||
| 260 | _bScholastic, | ||
| 260 | _c1999 | ||
| 300 | _a102 pages : | ||
| 300 | _bcolored illustration ; | ||
| 300 | _c19cm. | ||
| 500 | _a730 | ||
| 999 |
_c342259 _d342259 |
||